Statistics for Top Scorers Ligue 1 2017-18

Click here to take the quiz!

General Stats

  • This quiz has been taken 38 times
  • The average score is 12 of 25

Answer Stats

#PlayerClubGoals% Correct
13Kylian MbappéParis SG13
100%
1Edinson CavaniParis SG28
97%
3NeymarParis SG19
94%
2Florian ThauvinMarseille22
87%
5Radamel FalcaoMonaco18
87%
5Mario BalotelliNice18
81%
5Nabil FekirLyon18
81%
20Angel Di MariaParis SG11
71%
3Memphis DepayLyon19
68%
5Mariano DiazLyon18
61%
13Bertrand TraoréLyon13
42%
9Karl Toko EkambiAngers17
42%
10Alassane PleaNice16
39%
13Nicolas PépéLille13
39%
17Emiliano SalaNantes12
35%
20Jimmy BriandGuingamp11
29%
11Rony LopesMonaco15
26%
17Julio TavaresDijon12
23%
11Nolan RouxMetz15
19%
20Ivan SantiniCaen11
16%
17MalcomBordeaux12
16%
13Moussa KonatéAmiens13
16%
24Benjamin BourigeaudRennes10
6%
24Giovani SioMontpellier10
6%
20Chang-Hoon KwonDijon11
3%

Score Distribution

Percentile by Number Answered

Percent of People with Each Score

Your Score History

You have not taken this quiz